000 00467nam a2200217Ia 4500
003 IT-RoPAU
008 120407s9999 xx 000 0 und d
040 _aIT-RoPAU
040 _cIT-RoPAU
041 _aita
100 _aJames MacAllistar
245 _aVocabolario italiano-inglese, inglese-italiano.
250 _aBologna
260 _aCapitol
260 _c1963
300 _a1163 p.
300 _c18 cm
490 _v1
942 _cBK
999 _c24570
_d24570